Most Populated Countries Bordering the Pacific Ocean - Statistics

General Stats
  • This quiz has been taken 95,812 times
    52,060 since last reset
  • The average score is 15 of 16
Answer Stats
Population Country % Correct
1423 m China
99%
351 m United States
99%
123 m Japan
98%
286 m Indonesia
96%
27.1 m Australia
95%
133 m Mexico
95%
144 m Russia
94%
40.2 m Canada
92%
51.6 m South Korea
91%
117 m Philippines
89%
102 m Vietnam
89%
36.1 m Malaysia
85%
34.7 m Peru
85%
53.6 m Colombia
82%
71.6 m Thailand
82%
26.6 m North Korea
80%
No matching quizzes found
Score Distribution
Percent of People with Each Score
Percentile by Number Answered
Your Score History
You have not taken this quiz since the last reset